<?xml version="1.0" encoding="UTF-8"?>
<record
    xmlns:xsi="http://www.w3.org/2001/XMLSchema-instance"
    xsi:schemaLocation="http://www.loc.gov/MARC21/slim http://www.loc.gov/standards/marcxml/schema/MARC21slim.xsd"
    xmlns="http://www.loc.gov/MARC21/slim">

  <leader>01540nam a22002297a 4500</leader>
  <datafield tag="999" ind1=" " ind2=" ">
    <subfield code="c">1797</subfield>
    <subfield code="d">1797</subfield>
  </datafield>
  <controlfield tag="003">AR-CdUCM</controlfield>
  <controlfield tag="008">190228b           ||||| |||| 00| 0 spa d</controlfield>
  <datafield tag="020" ind1=" " ind2=" ">
    <subfield code="a">9786034523210</subfield>
  </datafield>
  <datafield tag="040" ind1=" " ind2=" ">
    <subfield code="a">MUNICIPALIDAD PROVINCIAL DEL CUSCO</subfield>
    <subfield code="c">BIBLIOTECA MUNICIPAL DEL CUSCO</subfield>
  </datafield>
  <datafield tag="082" ind1=" " ind2=" ">
    <subfield code="a">384 /</subfield>
    <subfield code="b">D72</subfield>
  </datafield>
  <datafield tag="110" ind1=" " ind2=" ">
    <subfield code="a">Comision Evangelica Latino Americana de Eduacion Cristiana (CELADEC)</subfield>
    <subfield code="9">6608</subfield>
  </datafield>
  <datafield tag="245" ind1=" " ind2=" ">
    <subfield code="a">Documentacion y Comunicacion Popular:</subfield>
    <subfield code="b">Material de la Consulta Latinoamericana de Documentacion y Comunicacion Popular Lima, Junio de 1979 /</subfield>
    <subfield code="c">Comision Evangelica Latino Americana de Eduacion Cristiana (CELADEC)</subfield>
  </datafield>
  <datafield tag="260" ind1=" " ind2=" ">
    <subfield code="a">Lima - Per&#xFA;:</subfield>
    <subfield code="b">CELADEC ,</subfield>
    <subfield code="c">1911.</subfield>
  </datafield>
  <datafield tag="300" ind1=" " ind2=" ">
    <subfield code="a">343 paginas :</subfield>
    <subfield code="c">19.5 cm.</subfield>
  </datafield>
  <datafield tag="505" ind1=" " ind2=" ">
    <subfield code="a">La Comunicacion Masica y la Penetracion Ideologica -- Miedo y Conciencia de Clase: Dialectiva de la Dominacion Ideologica -- Medios de Comunicacion y Politica en el Uruguay -- La Conferencia en los Cables Internacionales -- La Manipulacion de Informacion -- Notas para un Servicio de Informacion y Documentacion para el Movimiento Popular -- La Practica Popular en Materia de Comunicacion -- La Capacitacion en Materia de Documentacion -- Talleres de Documentacion y Comunicacion -- Investigacion Pegadogica Popular -- Formulacion de Politicas y/o planes de Capacitacion...</subfield>
  </datafield>
  <datafield tag="650" ind1=" " ind2=" ">
    <subfield code="a">Comunicacion Masiva.</subfield>
    <subfield code="9">6609</subfield>
  </datafield>
  <datafield tag="650" ind1=" " ind2=" ">
    <subfield code="a">Penetracion Ideologica.</subfield>
    <subfield code="9">6610</subfield>
  </datafield>
  <datafield tag="650" ind1=" " ind2=" ">
    <subfield code="a">Manipulacion de la Informacion.</subfield>
    <subfield code="9">6611</subfield>
  </datafield>
  <datafield tag="710" ind1=" " ind2=" ">
    <subfield code="a">Facultad de Economia de la Universidad de la Habana</subfield>
    <subfield code="9">6612</subfield>
  </datafield>
  <datafield tag="942" ind1=" " ind2=" ">
    <subfield code="2">ddc</subfield>
    <subfield code="c">LIBROS</subfield>
  </datafield>
  <datafield tag="945" ind1=" " ind2=" ">
    <subfield code="a">rtm</subfield>
    <subfield code="d">2019-02-28</subfield>
  </datafield>
  <datafield tag="952" ind1=" " ind2=" ">
    <subfield code="0">0</subfield>
    <subfield code="2">ddc</subfield>
    <subfield code="4">0</subfield>
    <subfield code="7">0</subfield>
    <subfield code="a">SH</subfield>
    <subfield code="b">SH</subfield>
    <subfield code="c">CART</subfield>
    <subfield code="d">2019-02-28</subfield>
    <subfield code="g">50.00</subfield>
    <subfield code="o">384 / D72</subfield>
    <subfield code="p">SH0000001847</subfield>
    <subfield code="r">2019-02-28</subfield>
    <subfield code="y">LIBROS</subfield>
  </datafield>
</record>
